Пропуск в контексте

Дифференциальная психология электронный учебн-методический комплекс для студентов специальности 6-05-0114-01 «социальнопедагогическое и психологическое образование»

Электронный учебно-методический комплекс «Дифференциальная психология» разработан в соответствии с требованиями образовательного стандарта к содержанию данной учебной дисциплины. Содержит лекционный материал, планы практических занятий, тесты для проверки знаний, дополнительный материал для углублен...

Fuld beskrivelse

Сохранить в:
Bibliografiske detaljer
Hovedforfatter: Остапчук С. В.
Format: Книга
Sprog:Russian
Udgivet: Новополоцк ПГУ им. Евфросинии Полоцкой 2025
Online adgang:https://e.lanbook.com/book/492362
https://e.lanbook.com/img/cover/book/492362.jpg
Tags: Tilføj Tag
Ingen Tags, Vær først til at tagge denne postø!
LEADER 02428nam0a2200277 i 4500
001 492362
003 RuSpLAN
005 20250620152523.0
008 250620s2025 ru gs 000 0 rus
020 |a 978-985-531-902-4 
040 |a RuSpLAN 
041 0 |a rus 
044 |a ru 
080 |a 159.922(075.8)Остапчук С. В. 
245 0 0 |a Дифференциальная психология  |b электронный учебн-методический комплекс для студентов специальности 6-05-0114-01 «социальнопедагогическое и психологическое образование»  |c Остапчук С. В. 
260 |a Новополоцк  |b ПГУ им. Евфросинии Полоцкой  |c 2025 
300 |a 292 с. 
500 |a Электронный учебно-методический комплекс для студентов специальности 6-05-0114-01 «Социально-педагогическое и психологическое образование» 
504 |a Библиогр.: доступна в карточке книги, на сайте ЭБС Лань 
520 8 |a Электронный учебно-методический комплекс «Дифференциальная психология» разработан в соответствии с требованиями образовательного стандарта к содержанию данной учебной дисциплины. Содержит лекционный материал, планы практических занятий, тесты для проверки знаний, дополнительный материал для углубленного изучения тем, а также список рекомендуемой литературы. Предназначен для студентов специальности 6-05-0114-01 «Социально-педагогическое и психологическое образование». 
521 8 |a Книга из коллекции ПГУ им. Евфросинии Полоцкой - Психология. Педагогика 
521 8 |a СЭБ 
100 1 |a Остапчук С. В. 
856 4 |u https://e.lanbook.com/book/492362 
856 4 8 |u https://e.lanbook.com/img/cover/book/492362.jpg 
953 |a https://e.lanbook.com/img/cover/book/492362.jpg